| 000 | 00610nam a2200181Ia 4500 | ||
|---|---|---|---|
| 999 |
_c18739 _d18739 |
||
| 082 | _aTL.0005 | ||
| 100 | _aLavakare, Neelakshi Arvind | ||
| 245 | 0 | _aPsychological manifestations during menopausal period in relation to some personality and background variables | |
| 260 |
_c1987 _bS.N.D.T. Women's University |
||
| 300 | _a235p. + C D - 45 | ||
| 650 | _aCHANGE OF LIFE IN WOMEN//MENOPAUSE | ||
| 650 | _aMENOPAUSE | ||
| 650 | _aMENSTRUATION - CESSATION//MENOPAUSE | ||
| 650 | _aWOMEN - PSYCHOLOGY | ||
| 650 | _aFEMININE PSYCHOLOGY//WOMEN - PSYCHOLOGY | ||
| 710 | _aPandit, Harshida | ||
| 942 |
_cTH _2ddc |
||